[Event "Val d'Or"]
[Site "Val d'Or CAN"]
[Date "1988.11.20"]
[Round "4"]
[White "Cote, Etienne"]
[Black "Gagnon, Fabien"]
[Result "1/2-1/2"]
[WhiteElo "1978"]
[BlackElo "1766"]
[PlyCount "92"]
[GameId "2160767912520191"]
[EventDate "1988.11.19"]
[EventType "swiss"]
[EventRounds "4"]
[EventCountry "CAN"]

1. e4 c5 2. Nc3 Nc6 3. g3 g6 4. Bg2 Bg7 5. d3 e6 6. f4 Nge7 7. Nf3 d6 8. O-O Bd7 9. Kh1 Nd4 10. Ne2 Nec6 11. c3 Nxf3 12. Bxf3 Rb8 13. Be3 b5 14. d4 b4 15. dxc5 bxc3 16. bxc3 Qa5 17. cxd6 e5 18. Qd2 O-O 19. f5 Qa3 20. fxg6 hxg6 21. Rfb1 Be6 22. Bg2 Rfd8 23. Rxb8 Rxb8 24. Qc1 Qxd6 25. c4 Qd3 26. Nc3 Bxc4 27. Bf1 Qxf1+ 28. Qxf1 Bxf1 29. Rxf1 Rb2 30. Rb1 Rxb1+ 31. Nxb1 Nd4 32. Nc3 Kf8 33. g4 Ke7 34. h4 Kd6 35. h5 gxh5 36. gxh5 Kc5 37. h6 Bh8 38. Kg2 Kc4 39. Nd5 Kd3 40. Bg5 Kxe4 41. Bf6 Kxd5 42. Bxh8 Ne6 43. Bf6 Nf4+ 44. Kf3 Ng6 45. h7 a6 46. Ke3 Ke6 1/2-1/2

[Event "Vancouver"]
[Site "Vancouver CAN"]
[Date "1988.??.??"]
[Round "?"]
[White "Silman, Jeremy"]
[Black "Donaldson, John"]
[Result "1/2-1/2"]
[WhiteElo "2365"]
[BlackElo "2415"]
[PlyCount "55"]
[GameId "2160767912583473"]
[EventDate "1988.??.??"]
[EventCountry "CAN"]
[SourceTitle "EXT 2010"]
[Source "ChessBase"]
[SourceDate "2009.11.30"]
[SourceVersion "1"]
[SourceVersionDate "2009.11.30"]
[SourceQuality "1"]

1. d4 d5 2. c4 c6 3. Nc3 Nf6 4. e3 e6 5. Nf3 Nbd7 6. Bd3 dxc4 7. Bxc4 b5 8. Bd3 a6 9. e4 c5 10. e5 cxd4 11. Nxb5 Nxe5 12. Nxe5 axb5 13. Bxb5+ Bd7 14. Nxd7 Qa5+ 15. Bd2 Qxb5 16. Nxf8 Kxf8 17. a4 Qxb2 18. Rb1 Qa2 19. O-O h5 20. Bf4 Kg8 21. Rb4 Nd5 22. Rxd4 Rc8 23. h3 Qc2 24. Qa1 Qc3 25. a5 Qxa1 26. Rxa1 Nxf4 27. Rxf4 Rc7 28. a6 1/2-1/2

[Event "Wch-blitz"]
[Site "Saint John CAN"]
[Date "1988.??.??"]
[Round "1"]
[White "Gipslis, Aivars"]
[Black "Georgiev, Kiril"]
[Result "1/2-1/2"]
[WhiteElo "2505"]
[BlackElo "2595"]
[PlyCount "70"]
[GameId "2160767739780284"]
[EventDate "1988.??.??"]
[EventType "k.o. (blitz)"]
[EventRounds "5"]
[EventCountry "CAN"]
[SourceTitle "EXT 1997"]
[Source "ChessBase"]
[SourceDate "1996.11.15"]
[SourceVersion "1"]
[SourceVersionDate "1996.11.15"]
[SourceQuality "1"]

1. e4 e6 2. d4 d5 3. Nc3 Nf6 4. e5 Nfd7 5. f4 c5 6. Nf3 Nc6 7. Be3 cxd4 8. Nxd4 Bc5 9. Qd2 Bxd4 10. Bxd4 Nxd4 11. Qxd4 Qb6 12. Nb5 Qxd4 13. Nxd4 Ke7 14. Bd3 g6 15. Kd2 h5 16. g3 Nb8 17. h3 Bd7 18. a3 Nc6 19. Nf3 Rac8 20. Rh2 a6 21. Rah1 Kf8 22. g4 hxg4 23. hxg4 Kg7 24. Ng5 Rxh2+ 25. Rxh2 Be8 26. Nh7 Ne7 27. Nf6 Bb5 28. Rh7+ Kf8 29. Bxb5 axb5 30. Rh8+ Kg7 31. Rxc8 Nxc8 32. Ne8+ Kf8 33. Nc7 Na7 34. Kc3 Ke7 35. Kb4 g5 {[...]} 1/2-1/2

[Event "Wch-blitz"]
[Site "Saint John CAN"]
[Date "1988.??.??"]
[Round "1"]
[White "Groszpeter, Attila"]
[Black "Vaganian, Rafael"]
[Result "1-0"]
[WhiteElo "2495"]
[BlackElo "2625"]
[PlyCount "130"]
[GameId "2160767912583478"]
[EventDate "1988.??.??"]
[EventType "k.o. (blitz)"]
[EventRounds "5"]
[EventCountry "CAN"]
[SourceTitle "EXT 1997"]
[Source "ChessBase"]
[SourceDate "1996.11.15"]
[SourceVersion "1"]
[SourceVersionDate "1996.11.15"]
[SourceQuality "1"]

1. d4 Nf6 2. c4 e6 3. Nc3 d5 4. Bg5 Be7 5. e3 h6 6. Bxf6 Bxf6 7. Nf3 O-O 8. Qd2 dxc4 9. Bxc4 c5 10. O-O Nd7 11. Rfd1 cxd4 12. Nxd4 Nb6 13. Be2 Bd7 14. Bf3 Rb8 15. Rac1 Qe7 16. Qe2 Rfc8 17. h3 a6 18. Qd3 Nc4 19. Qe2 b5 20. Ne4 Bxd4 21. Rxd4 Ne5 22. Rcd1 Nxf3+ 23. Qxf3 Bc6 24. Qg3 Bxe4 25. Rxe4 Rd8 26. Red4 Rbc8 27. Qe5 Rxd4 28. Qxd4 Qf6 29. Qd2 g5 30. b3 Kg7 31. g3 Rc5 32. Kg2 Rd5 33. Qe2 Qe5 34. Rc1 Qe4+ 35. Kg1 Qd3 36. Qxd3 Rxd3 37. Rc6 a5 38. Ra6 a4 39. bxa4 bxa4 40. Rxa4 Rd2 41. Kg2 h5 42. g4 hxg4 43. hxg4 f5 44. gxf5 exf5 45. Ra8 Rb2 46. a4 Ra2 47. a5 Ra4 48. a6 Ra2 49. Kg3 Ra4 50. Kg2 Ra3 51. Kf1 Ra2 52. Kg2 Ra4 53. Kf3 Kh7 54. a7 Kg7 55. Ke2 Ra3 56. Kd2 f4 57. Ke2 fxe3 58. fxe3 g4 59. Kf2 g3+ 60. Kf3 Kh7 61. Ke2 Kg7 62. Kf1 Ra2 63. e4 Rf2+ 64. Kg1 Ra2 65. e5 Ra3 1-0

[Event "Wch-blitz"]
[Site "Saint John CAN"]
[Date "1988.??.??"]
[Round "1"]
[White "Groszpeter, Attila"]
[Black "Vaganian, Rafael"]
[Result "1/2-1/2"]
[WhiteElo "2495"]
[BlackElo "2625"]
[PlyCount "81"]
[GameId "2160767912583479"]
[EventDate "1988.??.??"]
[EventType "k.o. (blitz)"]
[EventRounds "5"]
[EventCountry "CAN"]
[SourceTitle "EXT 1997"]
[Source "ChessBase"]
[SourceDate "1996.11.15"]
[SourceVersion "1"]
[SourceVersionDate "1996.11.15"]
[SourceQuality "1"]

1. d4 Nf6 2. c4 e6 3. Nc3 d5 4. Bg5 Be7 5. e3 h6 6. Bh4 O-O 7. Nf3 b6 8. Be2 Bb7 9. Bxf6 Bxf6 10. cxd5 exd5 11. b4 c5 12. bxc5 bxc5 13. Rb1 Bc6 14. O-O Nd7 15. Bb5 Qc7 16. Qd3 Rfd8 17. Rfc1 Rac8 18. h3 g6 19. Bxc6 Qxc6 20. Qb5 cxd4 21. Qxc6 Rxc6 22. Nxd5 Rxc1+ 23. Rxc1 dxe3 24. fxe3 Kg7 25. Rc7 a6 26. Rc6 Ne5 27. Rxf6 Rxd5 28. Rxa6 Nxf3+ 29. gxf3 Rd2 30. a4 Ra2 31. a5 g5 32. e4 h5 33. Ra8 Kf6 34. a6 Ke5 35. Rf8 f6 36. Re8+ Kf4 37. Re6 f5 38. Rf6 Kxf3 39. Rxf5+ Kxe4 40. Rxg5 Rxa6 41. Rxh5 1/2-1/2

[Event "Wch-blitz"]
[Site "Saint John CAN"]
[Date "1988.??.??"]
[Round "1"]
[White "Gurevich, Dmitry"]
[Black "Tal, Mikhail"]
[Result "0-1"]
[WhiteElo "2475"]
[BlackElo "2630"]
[PlyCount "64"]
[GameId "2160767912583480"]
[EventDate "1988.??.??"]
[EventType "k.o. (blitz)"]
[EventRounds "5"]
[EventCountry "CAN"]
[SourceTitle "EXT 88ch"]

1. d4 Nf6 2. c4 e6 3. Nc3 Bb4 4. e3 O-O 5. Bd3 d5 6. cxd5 exd5 7. Nge2 c6 8. a3 Bd6 9. b4 Re8 10. Rb1 Nbd7 11. f3 Qc7 12. Kf2 Nf8 13. h3 Ng6 14. g3 Nh5 15. f4 f5 16. Qc2 Qf7 17. Kg2 Ne7 18. Bd2 Nf6 19. b5 Ne4 20. Bxe4 fxe4 21. bxc6 bxc6 22. Na4 Ba6 23. Bb4 Bd3 24. Qc3 Bxb4 25. Rxb4 Bxe2 26. Rc1 Bf3+ 27. Kh2 Qh5 28. Qc2 Rab8 29. Nc5 Rxb4 30. axb4 Nf5 31. Qf2 Nh6 32. Qf1 Ng4+ 0-1

[Event "Wch-blitz"]
[Site "Saint John CAN"]
[Date "1988.??.??"]
[Round "1"]
[White "Gurevich, Dmitry"]
[Black "Tal, Mikhail"]
[Result "1/2-1/2"]
[WhiteElo "2475"]
[BlackElo "2630"]
[PlyCount "92"]
[GameId "2160767912583481"]
[EventDate "1988.??.??"]
[EventType "k.o. (blitz)"]
[EventRounds "5"]
[EventCountry "CAN"]
[SourceTitle "EXT 88ch"]

1. d4 Nf6 2. c4 e6 3. Nc3 Bb4 4. e3 O-O 5. Bd3 d5 6. cxd5 exd5 7. Nge2 c5 8. a3 cxd4 9. axb4 dxc3 10. O-O Nc6 11. b5 Ne5 12. Nxc3 Bg4 13. f3 Bh5 14. Be2 a6 15. bxa6 bxa6 16. Rxa6 Rxa6 17. Bxa6 Qb6 18. Be2 Rd8 19. Qd4 Qe6 20. Rd1 h6 21. b3 Bg6 22. Rd2 Nc6 23. Qc5 d4 24. exd4 Qe3+ 25. Kf1 Ne7 26. Rd1 Qe6 27. Qc4 Qd7 28. b4 Rc8 29. Qb3 Ned5 30. Nxd5 Nxd5 31. Bc4 Nb6 32. Bd3 Bxd3+ 33. Qxd3 Qd6 34. d5 Qxh2 35. d6 Rxc1 36. Rxc1 Qh1+ 37. Kf2 Qxc1 38. Qd4 Qc6 39. Qc5 Qb7 40. Qb5 g6 41. d7 Qxd7 42. Qxb6 Qd2+ 43. Kg3 Qg5+ 44. Kh3 Qh5+ 45. Kg3 Qg5+ 46. Kh2 Qh4+ 1/2-1/2

[Event "Wch-blitz"]
[Site "Saint John CAN"]
[Date "1988.??.??"]
[Round "1"]
[White "Jussupow (Yusupov), Artur"]
[Black "Lalic, Bogdan"]
[Result "0-1"]
[WhiteElo "2620"]
[BlackElo "2495"]
[PlyCount "116"]
[GameId "2160767912583486"]
[EventDate "1988.??.??"]
[EventType "k.o. (blitz)"]
[EventRounds "5"]
[EventCountry "CAN"]
[SourceTitle "EXT 88ch"]

1. d4 e6 2. Nf3 d5 3. e3 c5 4. Bd3 Nc6 5. b3 Nf6 6. O-O Bd6 7. Bb2 O-O 8. a3 Qe7 9. Ne5 Bd7 10. f4 Rfd8 11. Nd2 Rac8 12. Qf3 cxd4 13. exd4 a6 14. Rae1 Bxa3 15. Ba1 Nb4 16. c3 Nxd3 17. Qxd3 Bb5 18. c4 dxc4 19. bxc4 Be8 20. f5 Bb4 21. fxe6 fxe6 22. Re2 Qd6 23. Ndf3 b5 24. Ng5 h6 25. Rxf6 hxg5 26. Rf3 bxc4 27. Nxc4 Bb5 28. Rh3 Rxc4 29. Qh7+ Kf7 30. Rf3+ Ke8 31. Rf1 Kd7 32. Qxg7+ Kc8 33. d5 Rc7 34. Qe5 Qxe5 35. Rxe5 Bxf1 36. Kxf1 Rc1+ 37. Kf2 Rxa1 38. dxe6 Re8 39. Rxg5 Rxe6 40. h4 Be1+ 41. Kf3 Bxh4 42. Rg7 Bd8 43. g4 Ra4 44. g5 Ree4 45. g6 Rg4 46. Rg8 Raf4+ 47. Ke3 Rf6 48. g7 Rfg6 49. Rf8 Rxg7 50. Rf1 Rc7 51. Ra1 Ra7 52. Kf3 Rb4 53. Ke3 a5 54. Kd3 a4 55. Ra2 a3 56. Rc2+ Bc7 57. Rc1 a2 58. Ra1 Rb1 0-1

[Event "Wch-blitz"]
[Site "Saint John CAN"]
[Date "1988.??.??"]
[Round "1"]
[White "Karpov, Anatoly"]
[Black "Shirazi, Kamran"]
[Result "1-0"]
[WhiteElo "2715"]
[BlackElo "2455"]
[PlyCount "77"]
[GameId "2160767912583487"]
[EventDate "1988.??.??"]
[EventType "k.o. (blitz)"]
[EventRounds "5"]
[EventCountry "CAN"]
[SourceTitle "EXT 88ch"]

1. c4 Nf6 2. Nc3 d6 3. d4 Bf5 4. f3 e5 5. e4 exd4 6. Qxd4 Be6 7. b3 a5 8. Nge2 Nc6 9. Qd2 a4 10. Rb1 axb3 11. axb3 g6 12. Nf4 Bg7 13. Be2 O-O 14. O-O Nd7 15. Ncd5 Nd4 16. Bd1 c6 17. Bb2 cxd5 18. Bxd4 dxe4 19. Bxg7 Kxg7 20. Qxd6 Ra6 21. Nxe6+ fxe6 22. Qd4+ Nf6 23. Qe3 Rd6 24. Be2 Rd4 25. f4 Qd6 26. Rbd1 Rd8 27. Rxd4 Qxd4 28. Qxd4 Rxd4 29. Rd1 Rxd1+ 30. Bxd1 e3 31. Bf3 b6 32. Kf1 e5 33. fxe5 Nd7 34. Ke2 Nxe5 35. Kxe3 Kf6 36. Kd4 Ke6 37. b4 g5 38. Bd5+ Kd6 39. c5+ 1-0

[Event "Wch-blitz"]
[Site "Saint John CAN"]
[Date "1988.??.??"]
[Round "1"]
[White "Lalic, Bogdan"]
[Black "Jussupow (Yusupov), Artur"]
[Result "0-1"]
[WhiteElo "2495"]
[BlackElo "2620"]
[PlyCount "74"]
[GameId "2160767912583490"]
[EventDate "1988.??.??"]
[EventType "k.o. (blitz)"]
[EventRounds "5"]
[EventCountry "CAN"]
[SourceTitle "EXT 88ch"]

1. d4 f5 2. Nf3 Nf6 3. g3 e6 4. Bg2 d5 5. O-O c6 6. c4 Bd6 7. b3 Qe7 8. Ne5 O-O 9. Bb2 b6 10. Qc1 Bb7 11. Ba3 c5 12. e3 Na6 13. Nd2 Bxe5 14. dxe5 Ne4 15. Rd1 Rad8 16. f3 Nxd2 17. Rxd2 dxc4 18. bxc4 Rxd2 19. Qxd2 Rd8 20. Qe2 Qd7 21. Re1 Qd3 22. Bb2 Nb4 23. a3 Nc2 24. Qxd3 Rxd3 25. Re2 Nxe3 26. Bh3 Nxc4 27. f4 Kf7 28. Kf2 h6 29. Bc1 Nxa3 30. Ra2 Nb5 31. Bf1 Rf3+ 32. Kg1 Bd5 33. Ra1 Nd4 34. Rxa7+ Kg6 35. Ra6 Rb3 36. Ra7 Rb1 37. Be3 Bc4 0-1

[Event "Wch-blitz"]
[Site "Saint John CAN"]
[Date "1988.??.??"]
[Round "1"]
[White "Petursson, Margeir"]
[Black "Nogueiras, Jesus"]
[Result "0-1"]
[WhiteElo "2540"]
[BlackElo "2560"]
[PlyCount "104"]
[GameId "2160767912583494"]
[EventDate "1988.??.??"]
[EventType "k.o. (blitz)"]
[EventRounds "5"]
[EventCountry "CAN"]
[SourceTitle "EXT 1997"]
[Source "ChessBase"]
[SourceDate "1996.11.15"]
[SourceVersion "1"]
[SourceVersionDate "1996.11.15"]
[SourceQuality "1"]

1. d4 Nf6 2. c4 e6 3. Nf3 c5 4. g3 cxd4 5. Nxd4 Qb6 6. Bg2 Bc5 7. e3 Nc6 8. O-O Nxd4 9. exd4 Bxd4 10. Nc3 e5 11. Nb5 O-O 12. Nxd4 exd4 13. b3 d5 14. Bb2 dxc4 15. Bxd4 Qa6 16. Bxf6 Qxf6 17. bxc4 Rb8 18. c5 Rd8 19. Qa4 Bd7 20. Qxa7 Bc6 21. Rfd1 h5 22. h4 Re8 23. Re1 Rf8 24. a4 Rbd8 25. Bxc6 Rd2 26. Rf1 Qxc6 27. a5 Re8 28. Rfe1 Red8 29. Qb6 Qf3 30. Rf1 R8d4 31. a6 Rxh4 32. gxh4 Qg4+ 33. Kh2 Qxh4+ 34. Kg2 Qg4+ 35. Kh2 Rd3 36. Qd8+ Rxd8 37. a7 Ra8 38. c6 Qh4+ 39. Kg1 Qg4+ 40. Kh2 Qf4+ 41. Kg1 Qg5+ 42. Kh2 Qe5+ 43. Kg1 bxc6 44. Ra3 Qc5 45. Rfa1 h4 46. Ra5 Qd4 47. R5a4 Qd3 48. Rb4 h3 49. Rb8+ Kh7 50. Rxa8 Qf3 51. Rh8+ Kxh8 52. a8=Q+ Kh7 0-1

[Event "Wch-blitz"]
[Site "Saint John CAN"]
[Date "1988.??.??"]
[Round "1"]
[White "Salov, Valery"]
[Black "Olafsson, Helgi"]
[Result "1/2-1/2"]
[WhiteElo "2595"]
[BlackElo "2510"]
[PlyCount "68"]
[GameId "2160767912583495"]
[EventDate "1988.??.??"]
[EventType "k.o. (blitz)"]
[EventRounds "5"]
[EventCountry "CAN"]
[SourceTitle "EXT 88ch"]

1. d4 Nf6 2. c4 e6 3. Nc3 Bb4 4. e3 O-O 5. Bd3 d5 6. cxd5 exd5 7. Nge2 Re8 8. a3 Bd6 9. b4 c6 10. Qc2 Nbd7 11. Ng3 Nf8 12. Nce2 a5 13. Rb1 axb4 14. axb4 Ng6 15. O-O Bd7 16. b5 Qc7 17. bxc6 bxc6 18. Bd2 Reb8 19. Rxb8+ Rxb8 20. Rc1 Ne7 21. Rb1 g6 22. Nf1 Rxb1 23. Qxb1 Bf5 24. Bxf5 Nxf5 25. Qc2 Ne4 26. Be1 c5 27. dxc5 Bxc5 28. Neg3 Nfxg3 29. Nxg3 Nxg3 30. hxg3 Qd6 31. Bc3 d4 32. exd4 Bxd4 33. Qd2 Be5 34. Qxd6 Bxd6 1/2-1/2

[Event "Wch-blitz"]
[Site "Saint John CAN"]
[Date "1988.??.??"]
[Round "1"]
[White "Shirazi, Kamran"]
[Black "Karpov, Anatoly"]
[Result "0-1"]
[WhiteElo "2455"]
[BlackElo "2715"]
[PlyCount "68"]
[GameId "2160767912583496"]
[EventDate "1988.??.??"]
[EventType "k.o. (blitz)"]
[EventRounds "5"]
[EventCountry "CAN"]
[SourceTitle "EXT 88ch"]

1. d4 Nf6 2. Nf3 e6 3. Bg5 b6 4. e4 h6 5. Bxf6 Qxf6 6. Bd3 Bb7 7. Nbd2 g6 8. Qe2 Bg7 9. c3 Qe7 10. e5 d6 11. O-O Nd7 12. Be4 Bxe4 13. Qxe4 d5 14. Qe2 O-O 15. a4 c5 16. a5 c4 17. g3 Rfb8 18. axb6 axb6 19. Nh4 b5 20. f4 b4 21. Ndf3 h5 22. Ng2 Nb6 23. h3 bxc3 24. bxc3 Ra3 25. Rac1 Na4 26. g4 Nxc3 27. Qc2 hxg4 28. hxg4 Ne4 29. f5 Bh6 30. Rce1 Rbb3 31. fxg6 Rxf3 32. gxf7+ Qxf7 33. Rxf3 Rxf3 34. Rb1 Rf2 0-1

[Event "Wch-blitz"]
[Site "Saint John CAN"]
[Date "1988.??.??"]
[Round "1"]
[White "Shirazi, Kamran"]
[Black "Karpov, Anatoly"]
[Result "0-1"]
[WhiteElo "2455"]
[BlackElo "2715"]
[PlyCount "82"]
[GameId "2160767912583497"]
[EventDate "1988.??.??"]
[EventType "k.o. (blitz)"]
[EventRounds "5"]
[EventCountry "CAN"]
[SourceTitle "EXT 88ch"]

1. d4 Nf6 2. Nf3 e6 3. Bg5 c5 4. e3 d5 5. Nbd2 h6 6. Bh4 Nbd7 7. c3 Be7 8. Bd3 b6 9. O-O Bb7 10. Qe2 Ne4 11. Bxe7 Qxe7 12. Ne5 Nxd2 13. Nxd7 Nxf1 14. Bb5 O-O-O 15. dxc5 Rxd7 16. c6 Bxc6 17. Bxc6 Rc7 18. Bb5 Nxe3 19. fxe3 Kb8 20. a4 a5 21. Rb1 Ka7 22. h3 Rd8 23. Kh1 e5 24. Qd3 Qc5 25. Re1 g6 26. Qf1 f5 27. Qf3 Qe7 28. Rd1 Rc5 29. Qg3 Rd6 30. Qe1 Qc7 31. Rd3 Rxb5 32. axb5 Qc4 33. b4 Qxd3 34. bxa5 Qxb5 35. Qh4 g5 36. Qh5 bxa5 37. Qf7+ Qd7 38. Qf8 a4 39. Qh8 Re6 40. Qf8 Qe7 41. Qc8 a3 0-1

[Event "Wch-blitz"]
[Site "Saint John CAN"]
[Date "1988.??.??"]
[Round "1"]
[White "Tal, Mikhail"]
[Black "Gurevich, Dmitry"]
[Result "0-1"]
[WhiteElo "2630"]
[BlackElo "2475"]
[PlyCount "72"]
[GameId "2160767739780289"]
[EventDate "1988.??.??"]
[EventType "k.o. (blitz)"]
[EventRounds "5"]
[EventCountry "CAN"]
[SourceTitle "EXT 1997"]
[Source "ChessBase"]
[SourceDate "1996.11.15"]
[SourceVersion "1"]
[SourceVersionDate "1996.11.15"]
[SourceQuality "1"]

1. e4 c5 2. Nf3 d6 3. d4 cxd4 4. Nxd4 Nf6 5. Nc3 Nc6 6. Bg5 e6 7. Qd2 Be7 8. O-O-O Nxd4 9. Qxd4 O-O 10. Bc4 Qa5 11. Bd2 Qc7 12. Bb3 Bd7 13. f3 b5 14. g4 a5 15. a4 bxa4 16. Bxa4 Bxa4 17. Qxa4 Nd7 18. g5 Rab8 19. Na2 Nc5 20. Qc4 Qb7 21. Bc3 Bxg5+ 22. Kb1 Be7 23. Rhg1 f6 24. Rg2 Qb5 25. Qxb5 Rxb5 26. Rdg1 Rf7 27. Bd4 Bf8 28. Nc3 Rb8 29. f4 Rb4 30. Bxc5 dxc5 31. f5 exf5 32. exf5 Rf4 33. Re2 Rxf5 34. Rge1 h5 35. Re8 Rf2 36. h3 Rf3 {[...]} 0-1

[Event "Wch-blitz"]
[Site "Saint John CAN"]
[Date "1988.??.??"]
[Round "1"]
[White "Vaganian, Rafael"]
[Black "Groszpeter, Attila"]
[Result "1-0"]
[WhiteElo "2625"]
[BlackElo "2495"]
[PlyCount "139"]
[GameId "2160767912583501"]
[EventDate "1988.??.??"]
[EventType "k.o. (blitz)"]
[EventRounds "5"]
[EventCountry "CAN"]
[SourceTitle "EXT 1997"]
[Source "ChessBase"]
[SourceDate "1996.11.15"]
[SourceVersion "1"]
[SourceVersionDate "1996.11.15"]
[SourceQuality "1"]

1. Nf3 d6 2. d4 Bg4 3. e4 Nf6 4. Nc3 e6 5. Be2 Nbd7 6. O-O Be7 7. a4 O-O 8. a5 a6 9. Be3 d5 10. e5 Ne8 11. Na4 Rc8 12. c3 c5 13. dxc5 Nxc5 14. Nb6 Rc7 15. c4 dxc4 16. Qxd8 Bxd8 17. Bxc5 Rxc5 18. Nd7 Rxa5 19. Rxa5 Bxa5 20. Bxc4 Bxf3 21. gxf3 Nc7 22. Nxf8 Kxf8 23. Kg2 Ke7 24. f4 g6 25. Rd1 Bb4 26. Kf3 Bc5 27. Rd2 h5 28. Ke4 b5 29. Bf1 Nd5 30. Rc2 Bb6 31. Rc8 Bxf2 32. Ra8 Nc7 33. Rb8 Kd7 34. h3 Ba7 35. Rf8 Ke7 36. Rh8 Bc5 37. Bg2 Nd5 38. Ra8 Nc7 39. Rb8 Kd7 40. Kd3 Bf2 41. Rf8 Ke7 42. Rg8 Kd7 43. Be4 Ke7 44. Bc6 Bb6 45. Rb8 Bc5 46. Ke4 Bf2 47. Rc8 Bb6 48. b4 h4 49. Rb8 Bf2 50. Rh8 Be1 51. Rc8 Bxb4 52. Rxc7+ Kf8 53. Rc8+ Kg7 54. Be8 Kf8 55. Bxb5+ Kg7 56. Bxa6 Be1 57. Bb5 Bb4 58. Be8 Kf8 59. Bd7+ Kg7 60. Rc7 Kf8 61. Kf3 Bd2 62. Kg4 Be3 63. Rc4 Bf2 64. Kg5 Kg7 65. Be8 Kf8 66. Rc8 Be3 67. Kf6 Kg8 68. Bxf7+ Kh7 69. Bxg6+ Kh6 70. Rh8# 1-0

[Event "Wch-blitz"]
[Site "Saint John CAN"]
[Date "1988.??.??"]
[Round "1"]
[White "Vaganian, Rafael"]
[Black "Groszpeter, Attila"]
[Result "1-0"]
[WhiteElo "2625"]
[BlackElo "2495"]
[PlyCount "142"]
[GameId "2160767739780290"]
[EventDate "1988.??.??"]
[EventType "k.o. (blitz)"]
[EventRounds "5"]
[EventCountry "CAN"]
[SourceTitle "EXT 1997"]
[Source "ChessBase"]
[SourceDate "1996.11.15"]
[SourceVersion "1"]
[SourceVersionDate "1996.11.15"]
[SourceQuality "1"]

1. Nf3 d6 2. d4 Bg4 3. e4 Nf6 4. Nc3 e6 5. Be2 Be7 6. a4 O-O 7. a5 d5 8. h3 Bh5 9. exd5 exd5 10. O-O c6 11. Ne5 Bxe2 12. Qxe2 Re8 13. Bf4 Bb4 14. Bg5 h6 15. Bh4 a6 16. Qf3 Re6 17. Na4 Nbd7 18. Nxd7 Qxd7 19. Nb6 Qe8 20. Nxa8 Qxa8 21. c3 Bf8 22. Bxf6 Rxf6 23. Qd3 Qc8 24. Rae1 g6 25. b4 Kg7 26. Re3 Bd6 27. Rfe1 Qd7 28. Rf3 Bf4 29. g3 Bg5 30. Rxf6 Bxf6 31. Kg2 Qd8 32. Qe3 Qd7 33. Qf4 h5 34. h4 Qd8 35. Re3 Kg8 36. Rf3 Kg7 37. Kh2 Qe7 38. Qb8 Qe2 39. Kg2 Qe7 40. Re3 Qd7 41. Re8 Kh7 42. Qc8 Qd6 43. Qxb7 Kg7 44. Qb8 Qd7 45. Qc8 Qd6 46. Re3 g5 47. hxg5 Bxg5 48. Re5 Bf6 49. Rxh5 Kg6 50. Qf5+ Kg7 51. Rh7+ Kg8 52. Rh6 Kg7 53. Qxf6+ Qxf6 54. Rxf6 Kxf6 55. Kf3 Kf5 56. g4+ Kg5 57. Kg3 f6 58. f4+ Kg6 59. Kh4 Kh6 60. g5+ fxg5+ 61. fxg5+ Kg6 62. Kg4 Kg7 63. Kf5 Kf7 64. Ke5 Ke7 65. g6 Kf8 66. Kd6 Kg7 67. Kxc6 Kxg6 68. Kxd5 Kf6 69. b5 axb5 70. a6 Kf5 71. a7 Kf4 {[...]} 1-0

[Event "Wch-blitz"]
[Site "Saint John CAN"]
[Date "1988.??.??"]
[Round "2"]
[White "Chernin, Alexander"]
[Black "Karpov, Anatoly"]
[Result "1-0"]
[WhiteElo "2560"]
[BlackElo "2715"]
[PlyCount "113"]
[GameId "2160767739780291"]
[EventDate "1988.??.??"]
[EventType "k.o. (blitz)"]
[EventRounds "5"]
[EventCountry "CAN"]
[SourceTitle "EXT 1997"]
[Source "ChessBase"]
[SourceDate "1996.11.15"]
[SourceVersion "1"]
[SourceVersionDate "1996.11.15"]
[SourceQuality "1"]

1. c4 Nf6 2. g3 e6 3. Bg2 d5 4. Nf3 Be7 5. O-O O-O 6. d4 c6 7. Qc2 b6 8. b3 Bb7 9. Nc3 Na6 10. Rd1 Rc8 11. e4 Nc7 12. Bf4 Nd7 13. Rab1 Ba8 14. h4 h6 15. Qe2 Bb7 16. Qe3 Nf6 17. Rbc1 Re8 18. Bxc7 Rxc7 19. e5 Nh7 20. cxd5 cxd5 21. Ne2 Rxc1 22. Rxc1 Qd7 23. Nf4 Rc8 24. Bf1 Ba3 25. Rc3 Rxc3 26. Qxc3 Qc8 27. Qxc8+ Bxc8 28. Bd3 Nf8 29. Kf1 Nd7 30. Ke2 Nb8 31. Ne1 Nc6 32. Nc2 Bb2 33. Ke3 Bc1+ 34. Ke2 Bb2 35. Ke3 Bc1+ 36. Kf3 Bb2 37. Ne2 a5 38. Ke3 Kf8 39. Kd2 Ke7 40. f4 Bd7 41. h5 Be8 42. g4 f6 43. Ke3 Na7 44. Ng1 Nb5 45. Nf3 Nc3 46. a4 b5 47. axb5 Nxb5 48. Kd2 Nc7 49. Ne3 Ba3 50. f5 Bb4+ 51. Kc2 a4 52. bxa4 Bxa4+ 53. Kb2 Kf7 54. fxe6+ Kxe6 55. Nf5 Kf7 56. Nd6+ Bxd6 57. exd6 {[...]} 1-0

[Event "Wch-blitz"]
[Site "Saint John CAN"]
[Date "1988.??.??"]
[Round "2"]
[White "Dzindzichashvili, Roman"]
[Black "Vaganian, Rafael"]
[Result "0-1"]
[WhiteElo "2530"]
[BlackElo "2625"]
[PlyCount "83"]
[GameId "2160767739780293"]
[EventDate "1988.??.??"]
[EventType "k.o. (blitz)"]
[EventRounds "5"]
[EventCountry "CAN"]
[SourceTitle "EXT 1997"]
[Source "ChessBase"]
[SourceDate "1996.11.15"]
[SourceVersion "1"]
[SourceVersionDate "1996.11.15"]
[SourceQuality "1"]

1. e4 e6 2. d4 d5 3. Nc3 Bb4 4. e5 Qd7 5. Qg4 Bf8 6. Rb1 b6 7. b4 Bb7 8. Bd3 Nc6 9. a3 Nge7 10. Nf3 Nf5 11. O-O O-O-O 12. Ne2 f6 13. exf6 gxf6 14. Bxf5 exf5 15. Qh4 Re8 16. Ng3 Bd6 17. Bf4 Re4 18. Nh5 Nxd4 19. Nxd4 Bxf4 20. Nxf4 Rg8 21. Nde2 d4 22. f3 Re7 23. Rbd1 c5 24. bxc5 bxc5 25. Rb1 Ba6 26. Qxf6 Bxe2 27. Nxe2 Re6 28. Qh4 Rxe2 29. Rf2 Qe6 30. Qf4 Re1+ 31. Rxe1 Qxe1+ 32. Rf1 Qe3+ 33. Qxe3 dxe3 34. f4 Kc7 35. Rf3 Re8 36. Kf1 Kc6 37. Ke2 Re4 38. g3 Rc4 39. Kd3 Ra4 40. Rxe3 Rxa3+ 41. c3 Ra2 42. Re5 {[...]} 0-1

[Event "Wch-blitz"]
[Site "Saint John CAN"]
[Date "1988.??.??"]
[Round "2"]
[White "Georgiev, Kiril"]
[Black "Olafsson, Helgi"]
[Result "0-1"]
[WhiteElo "2595"]
[BlackElo "2510"]
[PlyCount "116"]
[GameId "2160767739780294"]
[EventDate "1988.??.??"]
[EventType "k.o. (blitz)"]
[EventRounds "5"]
[EventCountry "CAN"]
[SourceTitle "EXT 1997"]
[Source "ChessBase"]
[SourceDate "1996.11.15"]
[SourceVersion "1"]
[SourceVersionDate "1996.11.15"]
[SourceQuality "1"]

1. Nf3 Nf6 2. c4 b6 3. d4 e6 4. g3 Ba6 5. Qb3 Bb7 6. Bg2 c5 7. O-O cxd4 8. Nxd4 Bxg2 9. Kxg2 Be7 10. Qf3 d5 11. Nc3 Bb4 12. Rd1 Bxc3 13. bxc3 O-O 14. Bg5 Nbd7 15. cxd5 exd5 16. Nc6 Qe8 17. Nb4 Rc8 18. Nxd5 Nxd5 19. Qxd5 Ne5 20. Bf4 Rc5 21. Qe4 Ng6 22. Qxe8 Rxe8 23. Be3 Rxc3 24. Rd7 Ra3 25. Rc1 h6 26. Rc2 Ne5 27. Rb7 Ng4 28. Bc1 Ra4 29. e3 Ne5 30. h3 Ra5 31. Bd2 Ra4 32. Rbc7 b5 33. Bc3 Nc4 34. Bd4 a6 35. g4 Nd6 36. Rd7 Nc4 37. h4 Ne5 38. Kg3 Nxd7 39. Rc7 Nf8 40. Rc2 Ne6 41. Be5 f6 42. Bd6 Rd8 43. Be7 Rd7 44. Bc5 Rc7 45. Re2 Nxc5 46. h5 Ne4+ 47. Kf3 Rc1 48. Rb2 Rf1 49. Rc2 Rc4 50. Re2 b4 51. Rb2 a5 52. Re2 a4 53. Rb2 Rxf2+ 54. Rxf2 Nxf2 55. Kxf2 b3 56. axb3 axb3 57. Kf3 b2 58. e4 b1=Q {[...]} 0-1